书目信息 |
| 题名: |
雕漆技艺
|
|
| 作者: | 宋本蓉 著 | |
| 分册: | ||
| 出版信息: | 北京 文化艺术出版社 2013.04 |
|
| 页数: | 254页 | |
| 开本: | 24cm | |
| 丛书名: | 北京非物质文化遗产丛书 | |
| 单 册: | ||
| 中图分类: | J314.6 | |
| 科图分类: | ||
| 主题词: | 雕漆--介绍--北京 , 雕漆 | |
| 电子资源: | ||
| ISBN: | 978-7-5039-5359-0 | |
| 000 | 00913oam2 2200289 450 | |
| 001 | 012013127532 | |
| 005 | 20140609111312.26 | |
| 010 | @a978-7-5039-5359-0@dCNY46.00 | |
| 100 | @a20130730d2013 em y0chiy0110 ea | |
| 101 | 0 | @achi |
| 102 | @aCN@b110000 | |
| 105 | @aa z 000yy | |
| 106 | @ar | |
| 200 | 1 | @a雕漆技艺@9diao qi ji yi@f宋本蓉著 |
| 210 | @a北京@c文化艺术出版社@d2013.04 | |
| 215 | @a254页@c图@d24cm | |
| 225 | 2 | @a北京非物质文化遗产丛书 |
| 308 | @a丛书第一辑 | |
| 330 | @a本书共分七章,内容包括:雕漆的文化特质;雕漆的历史;北京雕漆技艺的形成与发展;北京雕漆技艺的基本工序;北京雕漆技艺的当代传承人等。 | |
| 333 | @a雕漆技艺爱好者 | |
| 461 | 0 | @12001 @a北京非物质文化遗产丛书@1701 0@a千容@4主编 |
| 606 | 0 | @a雕漆@x介绍@y北京 |
| 606 | 0 | @a雕漆 |
| 690 | @aJ314.6@v5 | |
| 701 | 0 | @a宋本蓉@9song ben rong@4著 |
| 801 | 0 | @aCN@b人天书店@c20130730 |
| 905 | @b548199-201@dJ314.6@e32@f3 | |
| 雕漆技艺/宋本蓉著.-北京:文化艺术出版社,2013.04 |
| 254页:图;24cm.-(北京非物质文化遗产丛书) |
| 使用对象:雕漆技艺爱好者 |
| ISBN 978-7-5039-5359-0:CNY46.00 |
| 本书共分七章,内容包括:雕漆的文化特质;雕漆的历史;北京雕漆技艺的形成与发展;北京雕漆技艺的基本工序;北京雕漆技艺的当代传承人等。 |
| ● |
| 相关链接 |
|
|
|
|
正题名:雕漆技艺
索取号:J314.6/32
 
预约/预借
| 序号 | 登录号 | 条形码 | 馆藏地/架位号 | 状态 | 备注 |
| 1 | 548199 | 205481995 | 第一样本阅览室/ [索取号:J314.6/32] | 在馆 | |
| 2 | 548200 | 205482002 | 美术系资料室/ [索取号:J314.6/32] | 在馆 | |
| 3 | 548201 | 205482011 | 第一借阅区/ [索取号:J314.6/32] | 在馆 |